Patanjali yoga sutras / (Record no. 151874)

MARC details
000 -LEADER
fixed length control field 00488nam a22001697a 4500
005 - DATE AND TIME OF LATEST TRANSACTION
control field 20180504103218.0
010 ## - LCCN (DPL NO)
LC control number ENG-122879
020 ## - INTERNATIONAL STANDARD BOOK NUMBER
International Standard Book Number 9788192885599
Terms of availability 695.00
035 ## - SYSTEM CONTROL NUMBER
System control number EN-106411
037 ## - SOURCE OF ACQUISITION
Source of stock number/acquisition DBAD/PUB
082 ## - DEWEY DECIMAL CLASSIFICATION NUMBER
Classification number 181.432
245 ## - TITLE STATEMENT
Title Patanjali yoga sutras /
260 ## - PUBLICATION, DISTRIBUTION, ETC. (IMPRINT)
Place of publication, distribution, etc New Delhi
Name of publisher, distributor, etc Solar Books
Date of publication, distribution, etc 2015
270 ## - ADDRESS
Address 4239A/1 Veer Sadan, Ansari Road, Darya Ganj,
City New Delhi
Postal code 110002
300 v# - PHYSICAL DESCRIPTION
Extent 144p.
Dimensions 21cm(Hb)
Other physical details ill.
942 ## - ADDED ENTRY ELEMENTS (KOHA)
Source of classification or shelving scheme Dewey Decimal Classification
Item type English Books
Call number suffix PAT
Classification part 181.432
Holdings
Withdrawn status Lost status Not for loan Collection code Home library Current library Date acquired Source of acquisition Cost, normal purchase price Full call number Barcode Copy number Cost, replacement price Koha item type
    Not For Loan Non-fiction D.B.Act.Division Patel Nagar 04/05/2018 DBAD/PUB 695.00 181.432 PAT EN-106411 1 695.00 English Books

© Delhi Public Library
Hit Counter
free hit counter